• 首页
  • 本馆介绍
  • 公告通知
  • 最新文献
  • 馆藏检索
  • 电子资源
  • 读者导购
  • 参考咨询
  • 我的图书馆
  • 登录
  • 详细信息显示
  • 放入我的书架
  • 预约/预借图书
  • 作者相关作品
  • 分类相关作品
  • 丛书相关作品
  • 出版社相关作品

书目信息

  • 表格格式
  • 工作单格式
  • 卡片格式
题名:
数字土著的网络生活之道
    
 
作者: 聂竹明 编著
分册:  
出版信息: 芜湖   安徽师范大学出版社  2013.12
页数: 235页
开本: 23cm
丛书名: 基础教育改革与教师专业发展丛书
单 册:
中图分类: TP393-49
科图分类:
主题词: 计算机网络--青年读物 , 计算机网络
电子资源:
ISBN: 978-7-5676-0315-8
000 01240oam2 2200289 450
001 0120141233825
005 20160519145806.12
010    @a978-7-5676-0315-8@dCNY32.00
100    @a20140228d2013 demy0chiy0110 ea
101 0  @achi
102    @aCN@b340000
105    @aa z 000yy
106    @ar
200 1  @a数字土著的网络生活之道@9shu zi tu zhu de wang luo sheng huo zhi dao@e中小学生如何正确使用网络@f聂竹明编著
210    @a芜湖@c安徽师范大学出版社@d2013.12
215    @a235页@c图@d23cm
225 2  @a基础教育改革与教师专业发展丛书@i基础教育改革与学生发展系列
330    @a当前的中小学生很多人生活在网络的世界里,对数字化生活特别敏感,他们被网络语言称为数字土著,而网络传播者和教育者则被称为数字化移民。当前的社会对这种数字土著们的认识和看法多有偏颇,而本书则打开了一扇通往爱与理解的窗户,帮助数字土著与移民更好地相处,更好地与网络相处,更好地与自己相处。
333    @a青少年
462  0 @12001 @a基础教育改革与学生发展系列
517 1  @a中小学生如何正确使用网络@9zhong xiao xue sheng ru he zheng que shi yong wang luo
606 0  @a计算机网络@j青年读物
606 0  @a计算机网络
690    @aTP393-49@v5
701  0 @a聂竹明@9nie zhu ming@4编著
801  0 @aCN@b人天书店@c20140228
905    @b877942-47@dTP393-49@e784@f6
    
    数字土著的网络生活之道:中小学生如何正确使用网络/聂竹明编著.-芜湖:安徽师范大学出版社,2013.12
    235页:图;23cm.-(基础教育改革与教师专业发展丛书.基础教育改革与学生发展系列)
    使用对象:青少年
    
    ISBN 978-7-5676-0315-8:CNY32.00
    当前的中小学生很多人生活在网络的世界里,对数字化生活特别敏感,他们被网络语言称为数字土著,而网络传播者和教育者则被称为数字化移民。当前的社会对这种数字土著们的认识和看法多有偏颇,而本书则打开了一扇通往爱与理解的窗户,帮助数字土著与移民更好地相处,更好地与网络相处,更好地与自己相处。
●
相关链接 在E读中查询图书 在五车中查询图书 在当当中查询图书 在豆瓣中查询图书


正题名:数字土著的网络生活之道     索取号:TP393-49/784         预约/预借

序号 登录号 条形码 馆藏地/架位号 状态 备注
1 877942   208779428   第二样本阅览室/ [索取号:TP393-49/784] 在馆    
2 877943   208779437   教育系资料室/ [索取号:TP393-49/784] 在馆    
3 877944   208779446   教育系资料室/ [索取号:TP393-49/784] 在馆    
4 877945   208779455   教育系资料室/ [索取号:TP393-49/784] 在馆    
5 877946   208779464   第三借阅区/ [索取号:TP393-49/784] 在馆    
6 877947   208779473   第三借阅区/ [索取号:TP393-49/784] 在馆    
唐山师范学院图书馆 欢迎您!
大连网信软件有限公司© 版权所有